Normal view
MARC view
Entry Personal Name
001 - CONTROL NUMBER
- control field: 5457
003 - CONTROL NUMBER IDENTIFIER
- control field: BD-RjUL
005 - DATE AND TIME OF LATEST TRANSACTION
- control field: 20221025082555.0
008 - FIXED-LENGTH DATA ELEMENTS
- fixed length control field: 221025|| aca||aabn | a|a d
040 ## - CATALOGING SOURCE
- Original cataloging agency: BD-RjUL
- Transcribing agency: BD-RjUL
100 ## - HEADING--PERSONAL NAME
- Personal name: Thompson, Malcolm H
670 ## - SOURCE DATA FOUND
- Source citation: Work cat.: (BD-RjUL)80610: Jastrow, Robert, 1925-2008. 5455, Astronomy :, c1984.